| 000 | 00402nam a22001817a 4500 | ||
|---|---|---|---|
| 003 | NUST | ||
| 020 | _a 9780070153929 | ||
| 038 | _akhadija | ||
| 082 |
_a621.9 _bTOO |
||
| 100 |
_aDonaldson, Cyril. _983769 |
||
| 245 | _aTool Design | ||
| 250 | _a4th ed. | ||
| 260 |
_aNew Delhi : _bMcGraw HIll, _c2014. |
||
| 300 |
_a880 p. ; _b22 cm. |
||
| 500 | _aPaperback. | ||
| 563 | _aPB | ||
| 942 |
_cBK _2ddc |
||
| 999 |
_c33803 _d33803 |
||